ASEAN sovereignty and intervention in Southeast Asia / (Record no. 18161)
[ view plain ]
| 000 -LEADER | |
|---|---|
| fixed length control field | 01123aam a2200337 a 4500 |
| 001 - CONTROL NUMBER | |
| control field | 015874021 |
| 003 - CONTROL NUMBER IDENTIFIER | |
| control field | OSt |
| 005 - DATE AND TIME OF LATEST TRANSACTION | |
| control field | 20140324102828.0 |
| 008 - FIXED-LENGTH DATA ELEMENTS--GENERAL INFORMATION | |
| fixed length control field | 120208s2012 xxkb frb 001 0 eng d |
| 020 ## - INTERNATIONAL STANDARD BOOK NUMBER | |
| International Standard Book Number | 9780230319264 (hbk.) |
| 020 ## - INTERNATIONAL STANDARD BOOK NUMBER | |
| International Standard Book Number | 0230319262 (hbk.) |
| 040 ## - CATALOGING SOURCE | |
| Original cataloging agency | StDuBDS |
| Language of cataloging | eng |
| Transcribing agency | StDuBDS |
| Modifying agency | Uk |
| 043 ## - GEOGRAPHIC AREA CODE | |
| Geographic area code | as----- |
| 082 04 - DEWEY DECIMAL CLASSIFICATION NUMBER | |
| Classification number | 341.2473 |
| Edition number | 22 |
| Item number | JON |
| 100 1# - MAIN ENTRY--PERSONAL NAME | |
| Personal name | Jones, Lee, |
| Dates associated with a name | 1981- |
| 9 (RLIN) | 35758 |
| 245 10 - TITLE STATEMENT | |
| Title | ASEAN sovereignty and intervention in Southeast Asia / |
| Statement of responsibility, etc | Lee Jones. |
| 250 ## - EDITION STATEMENT | |
| Edition statement | 1st ed. |
| 260 ## - PUBLICATION, DISTRIBUTION, ETC. (IMPRINT) | |
| Place of publication, distribution, etc | Hampshire, United Kingdom : |
| Name of publisher, distributor, etc | Palgrave Macmillan, |
| Date of publication, distribution, etc | 2012. |
| 300 ## - PHYSICAL DESCRIPTION | |
| Extent | xvi, 262 p. : |
| Other physical details | map ; |
| Dimensions | 23 cm. |
| 500 ## - GENERAL NOTE | |
| General note | Index : p. 253-262. |
| 504 ## - BIBLIOGRAPHY, ETC. NOTE | |
| Bibliography, etc | Bibliography : p. 234-252. |
| 610 20 - SUBJECT ADDED ENTRY--CORPORATE NAME | |
| Corporate name or jurisdiction name as entry element | ASEAN. |
| 9 (RLIN) | 35759 |
| 650 #0 - SUBJECT ADDED ENTRY--TOPICAL TERM | |
| Topical term or geographic name as entry element | Sovereignty |
| 9 (RLIN) | 9312 |
| 650 #0 - SUBJECT ADDED ENTRY--TOPICAL TERM | |
| Topical term or geographic name as entry element | Intervention (International law) |
| 9 (RLIN) | 9318 |
| 650 #0 - SUBJECT ADDED ENTRY--TOPICAL TERM | |
| Topical term or geographic name as entry element | Regionalism (International organization) |
| Geographic subdivision | Southeast Asia. |
| 9 (RLIN) | 35760 |
| 651 #0 - SUBJECT ADDED ENTRY--GEOGRAPHIC NAME | |
| Geographic name | Southeast Asia |
| General subdivision | Foreign relations |
| 9 (RLIN) | 32251 |
| 651 #0 - SUBJECT ADDED ENTRY--GEOGRAPHIC NAME | |
| Geographic name | Southeast Asia |
| General subdivision | Politics and government |
| Chronological subdivision | 1945- |
| 9 (RLIN) | 12044 |
| 653 ## - INDEX TERM--UNCONTROLLED | |
| Resource For college | BAEPS, Political Science |
| Arrived date list | March2014 |
| 655 ## - INDEX TERM--GENRE/FORM | |
| Form subdivision | |
| -- | 34232 |
| 942 ## - ADDED ENTRY ELEMENTS (KOHA) | |
| Source of classification or shelving scheme | Dewey Decimal Classification |
| Call number prefix | 341.2473 JON |
| Withdrawn status | Item status | Source of classification or shelving scheme | Damaged status | Not for loan | Vendor | Home library | Current library | Shelving location | Date acquired | Source of acquisition | Cost, normal purchase price | Total Checkouts | Total Renewals | Full call number | Barcode | Date last seen | Date last borrowed | Cost, replacement price | Koha item type |
|---|---|---|---|---|---|---|---|---|---|---|---|---|---|---|---|---|---|---|---|
| Dewey Decimal Classification | Baccah | Central Library | Central Library | First floor | 24/03/2014 | 560.00 | 2 | 7 | 341.2473 JON | 000035793 | 15/07/2025 | 22/10/2018 | 700.00 | Book - Borrowing |